00741nam a2200217 a 450000100060000000300080000600500170001400800390003102000150007003500190008504000270010404100080013108200220013910000180016124500990017926000500027830000750032850000260040350400640042960000300049322835BD-RjUL20211209000847.0140309r19761968enkabfh bdi 000 1 eng a0333072901 a(BD-RjUL)22900 aANLbengcANLdBD-RjUL aeng00a828.809bPIH 19761 aPinion, F. B.12aA Hardy Companion :ba guide to the works of Thomas Hardy and their background /cF. B. Pinion aLondon :bMacmillan,cc1968 [Reprinted 1976]. axviii, 558 p., [16] leaves of plates :bill., facsims., maps ;c22 cm. aMap on lining papers. aIncludes bibliographical references (p. 533-553) and index.10aHardy, Thomas,d1840-1928